[Event "Benidorm op U2300 18th"]
[Site "Benidorm"]
[Date "2019.12.02"]
[Round "4"]
[White "Sotirov, Nikolaj"]
[Black "Cano Gimenez, Vicente"]
[Result "0-1"]
[WhiteElo "2041"]
[BlackElo "2256"]
[PlyCount "36"]
[EventDate "2019.11.29"]
[EventType "swiss"]
[EventRounds "10"]
[EventCountry "ESP"]
[SourceTitle "EXT 2022"]
[Source "ChessBase"]
[SourceDate "2021.10.06"]
[SourceVersion "1"]
[SourceVersionDate "2021.10.06"]
[SourceQuality "1"]

1. e4 c5 2. c3 g6 3. d4 cxd4 4. cxd4 d5 5. e5 Bg7 6. Nc3 Nh6 7. Nf3 0-0 8. Bd3 Nc6 9. 0-0 Bg4 10. h3 Bxf3 11. Qxf3 e6 12. Qe3 f6 13. f4 fxe5 14. fxe5 Rxf1+ 15. Kxf1 Qb6 16. Ne2 Nf7 17. Kg1 Rf8 18. Kh2 Nxd4 0-1

[Event "Belgrade ChessAmateur op 5th"]
[Site "Belgrade"]
[Date "2019.01.06"]
[Round "5"]
[White "Sotirov, Nikolaj"]
[Black "Omorjan, Dejan"]
[Result "1-0"]
[WhiteElo "1975"]
[BlackElo "2284"]
[PlyCount "149"]
[EventDate "2019.01.04"]
[EventType "swiss"]
[EventRounds "9"]
[EventCountry "SRB"]
[SourceTitle "CBM 188 Extra"]
[Source "ChessBase"]
[SourceDate "2019.02.26"]
[SourceVersion "1"]
[SourceVersionDate "2019.02.26"]
[SourceQuality "1"]

1. e4 c5 2. c3 Nf6 3. e5 Nd5 4. d4 cxd4 5. cxd4 d6 6. Nf3 Nc6 7. Bc4 dxe5 8. dxe5 Ndb4 9. Qxd8+ Kxd8 10. Na3 Bg4 11. Bf4 Bxf3 12. gxf3 e6 13. 0-0-0+ Ke8 14. Nb5 Rc8 15. Kb1 Na5 16. Be2 Nd5 17. Nxa7 Nxf4 18. Bb5+ Rc6 19. Rd4 Nd5 20. Ra4 Kd8 21. Rxa5 Rc5 22. Ra4 Kc7 23. Bd3 Kb6 24. Rc1 Rxc1+ 25. Kxc1 Be7 26. Nb5 Nf4 27. Bf1 Ng6 28. Re4 Bg5+ 29. Kc2 Rc8+ 30. Kb3 Rc1 31. Be2 Bf4 32. Nd6 Bxh2 33. Rb4+ Kc6 34. f4 Nxf4 35. Bf3+ Nd5 36. Nxf7 b6 37. Rh4 Bg1 38. Rh1 Re1 39. Ng5 Kd7 40. Bxd5 exd5 41. Nf3 Rd1 42. Nxg1 h5 43. Kc2 Ra1 44. Kd3 h4 45. Ke3 h3 46. Rxh3 Rxg1 47. Rg3 Rb1 48. Rxg7+ Ke6 49. Rg6+ Kxe5 50. f4+ Kf5 51. Rxb6 Re1+ 52. Kd4 Rd1+ 53. Kc3 Kxf4 54. Re6 Rc1+ 55. Kd2 Rc4 56. b3 Rc7 57. Kd3 Rc1 58. Re2 Rb1 59. Kc2 Ra1 60. a4 Ra2+ 61. Kd3 Ra3 62. Kc3 Ra1 63. Kb2 Rh1 64. b4 d4 65. Re7 Rh3 66. b5 Re3 67. Rd7 Ke4 68. b6 Kd3 69. Kb3 Re1 70. Kb4 Rb1+ 71. Kc5 Rc1+ 72. Kb5 Rb1+ 73. Kc6 Ke3 74. a5 d3 75. a6 1-0

[Event "Belgrade ChessAmateur op 5th"]
[Site "Belgrade"]
[Date "2019.01.05"]
[Round "3"]
[White "Sotirov, Nikolaj"]
[Black "Srdanovic, Jovana"]
[Result "1-0"]
[WhiteElo "1975"]
[BlackElo "2157"]
[PlyCount "111"]
[EventDate "2019.01.04"]
[EventType "swiss"]
[EventRounds "9"]
[EventCountry "SRB"]
[SourceTitle "CBM 188 Extra"]
[Source "ChessBase"]
[SourceDate "2019.02.26"]
[SourceVersion "1"]
[SourceVersionDate "2019.02.26"]
[SourceQuality "1"]

1. e4 c5 2. c3 d5 3. exd5 Qxd5 4. d4 Nf6 5. Nf3 e6 6. Na3 Nc6 7. Nb5 Qd8 8. Bf4 Nd5 9. Bg5 f6 10. c4 Nc7 11. d5 Nb4 12. Nxc7+ Qxc7 13. Bd2 e5 14. a3 Na6 15. Bd3 Bd6 16. Qc2 g6 17. Bc3 Qe7 18. 0-0-0 Bd7 19. Rde1 0-0-0 20. h3 Rde8 21. g4 Rhf8 22. g5 Qg7 23. gxf6 Qxf6 24. Be4 Bf5 25. Nd2 Qh4 26. Re2 Nb8 27. Qd3 Nd7 28. Qg3 Qh6 29. Kc2 Qh5 30. f3 Nf6 31. Bxf5+ Qxf5+ 32. Ne4 Nxe4 33. fxe4 Qf3 34. Qg4+ Kc7 35. Rhh2 Qxg4 36. hxg4 Re7 37. Ref2 Ref7 38. Rxf7+ Rxf7 39. Kd2 Kd7 40. Ke3 Ke7 41. g5 Kf8 42. b4 b6 43. Rh3 Kg8 44. bxc5 bxc5 45. Rf3 Rb7 46. Rf2 Rb3 47. Kd3 Rb6 48. Rf6 Bb8 49. Rf2 Bc7 50. a4 Bd6 51. a5 Rb7 52. Rf6 Be7 53. Rc6 Bxg5 54. Rxc5 Bf4 55. Rb5 Rd7 56. c5 1-0

[Event "Primorsko Dyuni op 1st"]
[Site "Primorsko"]
[Date "2016.05.23"]
[Round "6"]
[White "Sotirov, Nikolaj"]
[Black "Hristov, Krasimir Ivanov"]
[Result "1-0"]
[WhiteElo "1828"]
[BlackElo "1888"]
[PlyCount "65"]
[EventDate "2016.05.21"]
[EventType "swiss"]
[EventRounds "7"]
[EventCountry "BUL"]
[SourceTitle "CBM 172 Extra"]
[Source "ChessBase"]
[SourceDate "2016.06.21"]
[SourceVersion "1"]
[SourceVersionDate "2016.06.21"]
[SourceQuality "1"]

1. e4 Nf6 2. Nc3 d6 3. d4 g6 4. Be3 Bg7 5. f3 c6 6. Qd2 h5 7. Nge2 b5 8. Nf4 b4 9. Nd1 a5 10. a3 bxa3 11. Rxa3 Nbd7 12. Bc4 g5 13. Nd3 d5 14. exd5 cxd5 15. Bb5 g4 16. Ne5 Kf8 17. Nc6 Qb6 18. Rb3 Ba6 19. Ba4 Qc7 20. Bf4 Qc8 21. Re3 Ng8 22. Rc3 Qe8 23. Nxa5 e5 24. dxe5 Bxe5 25. Re3 Bxf4 26. Qb4+ Kg7 27. Qxf4 Qd8 28. Nc6 Qf6 29. Qb4 Nh6 30. Nd4 Nb6 31. Bc6 Rab8 32. Qc3 Nc4 33. 0-0 1-0

[Event "Primorsko Dyuni op 1st"]
[Site "Primorsko"]
[Date "2016.05.21"]
[Round "1"]
[White "Marinov, Marin St"]
[Black "Sotirov, Nikolaj"]
[Result "0-1"]
[WhiteElo "1291"]
[BlackElo "1828"]
[PlyCount "54"]
[EventDate "2016.05.21"]
[EventType "swiss"]
[EventRounds "7"]
[EventCountry "BUL"]
[SourceTitle "CBM 172 Extra"]
[Source "ChessBase"]
[SourceDate "2016.06.21"]
[SourceVersion "1"]
[SourceVersionDate "2016.06.21"]
[SourceQuality "1"]

1. e4 c5 2. d4 cxd4 3. c3 d5 4. exd5 Qxd5 5. cxd4 e6 6. Nc3 Qd8 7. Nf3 Nf6 8. Bg5 Be7 9. Qa4+ Nc6 10. Bb5 Bd7 11. Ne5 0-0 12. Nxd7 Qxd7 13. Rd1 Nd5 14. Bxe7 Qxe7 15. Bxc6 bxc6 16. Qxc6 Rfc8 17. Qa4 Nxc3 18. bxc3 Rxc3 19. 0-0 Rd8 20. Qa5 Qc7 21. Qxc7 Rxc7 22. Rd2 Rd5 23. f4 Rc4 24. Rfd1 Kf8 25. Kf2 Ra4 26. Ke3 Ra3+ 27. Ke4 f5# 0-1

[Event "Yambol Diana op 1st"]
[Site "Yambol"]
[Date "2016.01.24"]
[Round "6"]
[White "Shivachev, Rosen"]
[Black "Sotirov, Nikolaj"]
[Result "0-1"]
[WhiteElo "1653"]
[BlackElo "1903"]
[PlyCount "50"]
[EventDate "2016.01.23"]
[EventType "swiss"]
[EventRounds "6"]
[EventCountry "BUL"]
[SourceTitle "CBM 170 Extra"]
[Source "ChessBase"]
[SourceDate "2016.02.25"]
[SourceVersion "1"]
[SourceVersionDate "2016.02.25"]
[SourceQuality "1"]

1. e4 c5 2. Nc3 Nc6 3. f4 g6 4. g3 Bg7 5. Nf3 d6 6. Bg2 Nf6 7. d3 0-0 8. 0-0 Bd7 9. h3 Rb8 10. Rb1 b5 11. g4 b4 12. Ne2 Qa5 13. Ra1 c4 14. g5 cxd3 15. Qxd3 Nh5 16. f5 gxf5 17. exf5 Qxf5 18. Qd1 Qc5+ 19. Kh1 Ne5 20. Rb1 Bc6 21. Qe1 Qxc2 22. Qh4 Qxe2 23. Qxh5 Qxf1+ 24. Bxf1 Bxf3+ 25. Qxf3 Nxf3 0-1

[Event "Yambol Diana op 1st"]
[Site "Yambol"]
[Date "2016.01.24"]
[Round "4"]
[White "Sotirov, Nikolaj"]
[Black "Analiev, Dimitar"]
[Result "1-0"]
[WhiteElo "1903"]
[BlackElo "1934"]
[PlyCount "49"]
[EventDate "2016.01.23"]
[EventType "swiss"]
[EventRounds "6"]
[EventCountry "BUL"]
[SourceTitle "CBM 170 Extra"]
[Source "ChessBase"]
[SourceDate "2016.02.25"]
[SourceVersion "1"]
[SourceVersionDate "2016.02.25"]
[SourceQuality "1"]

1. e4 c5 2. c3 d5 3. exd5 Qxd5 4. d4 e6 5. Nf3 Nf6 6. Be2 Be7 7. 0-0 0-0 8. Be3 b6 9. Ne5 Bb7 10. Bf3 Ne4 11. Nd2 f5 12. Nxe4 fxe4 13. Be2 Nc6 14. Bc4 Qd6 15. Nxc6 Qxc6 16. Qg4 Rf6 17. dxc5 Bxc5 18. Bb3 Raf8 19. Rae1 Ba6 20. c4 e5 21. Qe2 Bb7 22. Bc2 Bb4 23. Rd1 Rg6 24. Rd5 Bd6 25. Bxe4 1-0

[Event "Stara Zagora Beroe op 1st"]
[Site "Stara Zagora"]
[Date "2015.12.19"]
[Round "1"]
[White "Banev, Simeon"]
[Black "Sotirov, Nikolaj"]
[Result "1/2-1/2"]
[WhiteElo "1347"]
[BlackElo "1952"]
[PlyCount "138"]
[EventDate "2015.12.19"]
[EventType "swiss"]
[EventRounds "6"]
[EventCountry "BUL"]
[SourceTitle "EXT 2017"]
[Source "ChessBase"]
[SourceDate "2016.10.25"]
[SourceVersion "1"]
[SourceVersionDate "2016.10.25"]
[SourceQuality "1"]

1. d4 f5 2. c4 Nf6 3. Nc3 g6 4. e3 Bg7 5. Bd3 0-0 6. Nf3 b6 7. h3 Bb7 8. 0-0 d6 9. Ng5 Qd7 10. b4 Nc6 11. a3 Nd8 12. Be2 e5 13. dxe5 dxe5 14. Qxd7 Nxd7 15. Bb2 Re8 16. Nf3 Ne6 17. Rfd1 Rad8 18. Nd2 Nf6 19. Bf3 Bxf3 20. Nxf3 e4 21. Ne5 f4 22. Nc6 Rd3 23. Rxd3 exd3 24. Rd1 fxe3 25. fxe3 Nd8 26. Nxa7 Rxe3 27. Kf2 Re8 28. Rxd3 Ne4+ 29. Nxe4 Bxb2 30. Rd2 Rxe4 31. Rxd8+ Kf7 32. Rd7+ Ke6 33. Rxc7 Bxa3 34. b5 Bc5+ 35. Kf3 Rxc4 36. Rxh7 Rc3+ 37. Ke2 Rb3 38. Rg7 Kf6 39. Rd7 Ke6 40. Rd3 Rb2+ 41. Rd2 Rb3 42. Kd1 Kf5 43. Kc2 Ra3 44. Nc6 g5 45. Kb2 Kf4 46. Nd4 Kg3 47. Nf3 g4 48. hxg4 Kxg4 49. Rd4+ Bxd4+ 50. Kxa3 Bc5+ 51. Kb3 Kg3 52. Ne1 Bf2 53. Nd3 Be3 54. Kc4 Kxg2 55. Kd5 Kf3 56. Ne5+ Kf4 57. Nc4 Bg1 58. Kc6 Kf5 59. Nxb6 Ke6 60. Nd7 Ke7 61. Nc5 Kd8 62. b6 Bh2 63. b7 Bb8 64. Ne6+ Ke7 65. Nd4 Kd8 66. Nb5 Ke8 67. Kb6 Kd7 68. Na7 Bc7+ 69. Ka6 Bb8 1/2-1/2

[Event "Albena op 19th"]
[Site "Albena"]
[Date "2011.06.26"]
[Round "2"]
[White "Sotirov, Nikolaj"]
[Black "Sarenac, Ivan"]
[Result "0-1"]
[WhiteElo "2034"]
[BlackElo "2315"]
[PlyCount "66"]
[EventDate "2011.06.25"]
[EventType "swiss"]
[EventRounds "9"]
[EventCountry "BUL"]
[SourceTitle "CBM 143 Extra"]
[Source "ChessBase"]
[SourceDate "2011.08.29"]
[SourceVersion "1"]
[SourceVersionDate "2011.08.29"]
[SourceQuality "1"]

1. e4 e5 2. d4 exd4 3. Nf3 d6 4. Nxd4 Nf6 5. Nc3 Be7 6. Be2 0-0 7. 0-0 Re8 8. f4 Bf8 9. Bf3 c5 10. Nb3 Nc6 11. Re1 d5 12. a4 Nb4 13. Nb5 d4 14. e5 c4 15. N3xd4 Bc5 16. Be3 Nd7 17. Re2 Nf8 18. Qd2 Bd7 19. b3 Qb6 20. c3 Na6 21. Bd5 cxb3 22. Nxb3 Bxb5 23. axb5 Qxb5 24. Nxc5 Nxc5 25. Qb2 Qd7 26. Bc4 Rec8 27. Rd2 Qe7 28. Qb5 Ne4 29. Rd3 Qc7 30. Rd4 Nxc3 31. Qb3 b5 32. Bxb5 Nxb5 33. Qxb5 Qc3 0-1

[Event "BUL-ch sf 75th"]
[Site "Plovdiv"]
[Date "2011.02.10"]
[Round "5"]
[White "Sotirov, Nikolaj"]
[Black "Pantev, Tsvetelin"]
[Result "0-1"]
[WhiteElo "2123"]
[BlackElo "1806"]
[PlyCount "52"]
[EventDate "2011.02.07"]
[EventType "swiss"]
[EventRounds "9"]
[EventCountry "BUL"]
[SourceTitle "CBM 140 Extra"]
[Source "ChessBase"]
[SourceDate "2011.03.01"]
[SourceVersion "1"]
[SourceVersionDate "2011.03.01"]
[SourceQuality "1"]

1. e4 c5 2. c3 Nf6 3. e5 Nd5 4. d4 cxd4 5. cxd4 e6 6. Nc3 d6 7. Nf3 Nc6 8. Bc4 Nb6 9. Bb5 dxe5 10. Nxe5 Bd7 11. Nxd7 Qxd7 12. Qg4 a6 13. Bxc6 Qxc6 14. 0-0 Nd5 15. Nxd5 Qxd5 16. Re1 h5 17. Qg3 g6 18. Re5 Bd6 19. Rxd5 Bxg3 20. Ra5 Bc7 21. Ra3 Ke7 22. Be3 Rhd8 23. Rc3 Rd7 24. Rac1 Bb6 25. Rc4 Rad8 26. Kf1 Bxd4 0-1

[Event "Bansko op"]
[Site "Bansko"]
[Date "2010.12.17"]
[Round "6"]
[White "Sotirov, Nikolaj"]
[Black "Videnova, Iva"]
[Result "1-0"]
[WhiteElo "2109"]
[BlackElo "2269"]
[PlyCount "73"]
[EventDate "2010.12.13"]
[EventType "swiss"]
[EventRounds "9"]
[EventCountry "BUL"]
[SourceTitle "CBM 139 Extra"]
[Source "ChessBase"]
[SourceDate "2011.01.05"]
[SourceVersion "1"]
[SourceVersionDate "2011.01.05"]
[SourceQuality "1"]

1. e4 c5 2. c3 Nf6 3. e5 Nd5 4. d4 cxd4 5. cxd4 e6 6. Nf3 d6 7. Bc4 Nc6 8. 0-0 Be7 9. Qe2 0-0 10. Qe4 Bd7 11. exd6 Bxd6 12. Bxd5 exd5 13. Qxd5 Bg4 14. Nc3 Qd7 15. Be3 Rad8 16. Ne5 Qe8 17. Nxg4 Bxh2+ 18. Nxh2 Rxd5 19. Nxd5 f5 20. Nf3 Qd8 21. Nf4 Re8 22. d5 Ne5 23. Nxe5 Rxe5 24. Rfd1 Qd7 25. Rac1 g5 26. d6 gxf4 27. Rc7 Qa4 28. b3 Qa5 29. d7 Qxc7 30. d8Q+ Qxd8 31. Rxd8+ Kf7 32. Bxa7 b5 33. Rd2 Re1+ 34. Kh2 Re7 35. Bc5 Re5 36. b4 f3 37. gxf3 1-0

[Event "Bansko op"]
[Site "Bansko"]
[Date "2010.12.14"]
[Round "2"]
[White "Dobrev, Nanko"]
[Black "Sotirov, Nikolaj"]
[Result "1-0"]
[WhiteElo "2376"]
[BlackElo "2109"]
[PlyCount "45"]
[EventDate "2010.12.13"]
[EventType "swiss"]
[EventRounds "9"]
[EventCountry "BUL"]
[SourceTitle "CBM 139 Extra"]
[Source "ChessBase"]
[SourceDate "2011.01.05"]
[SourceVersion "1"]
[SourceVersionDate "2011.01.05"]
[SourceQuality "1"]

1. d4 Nf6 2. Nf3 g6 3. c4 Bg7 4. Nc3 d5 5. e3 0-0 6. Qb3 dxc4 7. Bxc4 Nc6 8. Ne5 Nxe5 9. dxe5 Ng4 10. f4 e6 11. 0-0 b6 12. Be2 Qh4 13. h3 Nh6 14. Bf3 Ba6 15. Rf2 Nf5 16. Qa4 Bd3 17. Bxa8 Rxa8 18. e4 Ng3 19. Be3 b5 20. Qd1 Bxe4 21. Nxe4 Nxe4 22. Qf3 f5 23. exf6 1-0

[Event "Sunny Beach op"]
[Site "Sunny Beach"]
[Date "2008.11.29"]
[Round "6"]
[White "Shishkov, Minko"]
[Black "Sotirov, Nikolaj"]
[Result "1-0"]
[WhiteElo "2271"]
[BlackElo "2109"]
[PlyCount "73"]
[EventDate "2008.11.28"]
[EventType "swiss"]
[EventRounds "7"]
[EventCountry "BUL"]
[SourceTitle "EXT 2010"]
[Source "ChessBase"]
[SourceDate "2010.11.25"]
[SourceVersion "1"]
[SourceVersionDate "2010.11.25"]
[SourceQuality "1"]

1. d4 Nf6 2. c4 g6 3. Nc3 d5 4. Nf3 Bg7 5. e3 0-0 6. cxd5 Nxd5 7. Bc4 Nb6 8. Bb3 Na6 9. 0-0 c5 10. h3 Bf5 11. Qe2 Rc8 12. a3 c4 13. Bc2 Bxc2 14. Qxc2 Nd5 15. e4 Nxc3 16. bxc3 b5 17. Rb1 Qd7 18. Rd1 Rfd8 19. Bf4 Nc7 20. a4 Ne6 21. Bg3 bxa4 22. Ra1 Bh6 23. Ne5 Qb7 24. Rdb1 Qa8 25. Rxa4 Bf4 26. Bxf4 Nxf4 27. Rba1 Rc7 28. d5 f5 29. f3 Qb8 30. Rb1 Rb7 31. Rxb7 Qxb7 32. Nc6 Qb6+ 33. Kh2 Rd7 34. Rxc4 Qe3 35. Nd4 Nd3 36. Ne6 Rb7 37. Nd8 1-0

[Event "Sunny Beach op"]
[Site "Sunny Beach"]
[Date "2008.11.28"]
[Round "1"]
[White "Sotirov, Nikolaj"]
[Black "Georgiev, Georgi"]
[Result "1-0"]
[WhiteElo "2109"]
[BlackElo "2154"]
[PlyCount "50"]
[EventDate "2008.11.28"]
[EventType "swiss"]
[EventRounds "7"]
[EventCountry "BUL"]
[SourceTitle "EXT 2010"]
[Source "ChessBase"]
[SourceDate "2010.11.25"]
[SourceVersion "1"]
[SourceVersionDate "2010.11.25"]
[SourceQuality "1"]

1. e4 c6 2. d4 d5 3. f3 e6 4. Nc3 Bb4 5. Bd3 Ne7 6. Nge2 Ng6 7. 0-0 Nd7 8. a3 Ba5 9. b4 Bc7 10. e5 0-0 11. f4 f5 12. Na4 b6 13. c4 Qe7 14. Be3 dxc4 15. Bc2 Bb7 16. Nec3 b5 17. Nc5 Nxc5 18. dxc5 Rfd8 19. Qf3 Rd7 20. g3 Qf7 21. Nxb5 cxb5 22. Qxb7 Rb8 23. Qf3 a6 24. Rfd1 Rbd8 25. Qc6 Ne7 1-0

[Event "Kesarovski Georgiev Memorial 4th"]
[Site "Sunny Beach"]
[Date "2005.09.22"]
[Round "7"]
[White "Angelov, Zvetomir"]
[Black "Sotirov, Nikolaj"]
[Result "1-0"]
[WhiteElo "2098"]
[BlackElo "2140"]
[PlyCount "71"]
[EventDate "2005.09.16"]
[EventType "swiss"]
[EventRounds "9"]
[EventCountry "BUL"]
[SourceTitle "CBM 108 Extra"]
[Source "ChessBase"]
[SourceDate "2005.11.04"]
[SourceVersion "1"]
[SourceVersionDate "2005.11.04"]
[SourceQuality "1"]

1. Nf3 c5 2. g3 g6 3. Bg2 Bg7 4. 0-0 Nf6 5. d3 0-0 6. Nbd2 Nc6 7. e4 d5 8. c3 dxe4 9. dxe4 Bg4 10. Qe2 Qc8 11. Re1 Ne5 12. Nc4 Nxf3+ 13. Bxf3 Bxf3 14. Qxf3 b5 15. Ne3 Qb7 16. Nf1 Rfd8 17. Qe2 a5 18. a4 c4 19. axb5 Rd3 20. e5 Nd5 21. Qc2 Qxb5 22. Qa4 Qc5 23. Be3 Qc8 24. Bd4 h5 25. Qb5 Nb4 26. cxb4 Rxd4 27. bxa5 Rb8 28. Qa4 Rxb2 29. Qa3 Rb7 30. a6 Ra7 31. Qe3 Qd7 32. Reb1 Rd3 33. Qc5 c3 34. Ne3 Bh6 35. e6 fxe6 36. Rb8+ 1-0

[Event "BUL-ch"]
[Site "Shumen"]
[Date "1997.??.??"]
[Round "5"]
[White "Angelov, Emil"]
[Black "Sotirov, Nikolaj"]
[Result "1-0"]
[WhiteElo "2265"]
[BlackElo "2175"]
[PlyCount "87"]
[EventDate "1997.??.??"]
[EventType "swiss"]
[EventRounds "8"]
[EventCountry "BUL"]
[SourceTitle "EXT 1998"]
[Source "ChessBase"]
[SourceDate "1997.11.17"]
[SourceVersion "1"]
[SourceVersionDate "1997.11.17"]
[SourceQuality "1"]

1. Nf3 Nf6 2. d4 g6 3. Bf4 Bg7 4. Nbd2 d5 5. e3 0-0 6. c4 c5 7. dxc5 Qa5 8. a3 dxc4 9. Bxc4 Qxc5 10. Rc1 Qb6 11. b4 Nc6 12. b5 e5 13. Nxe5 Nxe5 14. Bxe5 Be6 15. Bd4 Qd6 16. Bxe6 Qxe6 17. Qb3 Qg4 18. 0-0 Ne4 19. Nxe4 Qxe4 20. Bxg7 Kxg7 21. Rc7 Rad8 22. Rd1 Rxd1+ 23. Qxd1 Qe5 24. Qd4 Qxd4 25. exd4 Rd8 26. Rc4 Rd5 27. a4 Kf6 28. Kf1 Ke6 29. Ke2 Kd7 30. Kd3 Rf5 31. Rc2 Rf6 32. f3 Rb6 33. f4 f5 34. Rc5 Rf6 35. Re5 Rf8 36. Rd5+ Kc7 37. Kc4 Rf6 38. Kc5 Rf8 39. Rd6 b6+ 40. Kd5 a6 41. Rc6+ Kb7 42. Re6 axb5 43. axb5 Rd8+ 44. Rd6 1-0

[Event "BUL-ch"]
[Site "Shumen"]
[Date "1997.??.??"]
[Round "7"]
[White "Dimov, Dian"]
[Black "Sotirov, Nikolaj"]
[Result "1-0"]
[WhiteElo "2370"]
[BlackElo "2175"]
[PlyCount "75"]
[EventDate "1997.??.??"]
[EventType "swiss"]
[EventRounds "8"]
[EventCountry "BUL"]
[SourceTitle "EXT 1998"]
[Source "ChessBase"]
[SourceDate "1997.11.17"]
[SourceVersion "1"]
[SourceVersionDate "1997.11.17"]
[SourceQuality "1"]

1. e4 c5 2. Nf3 Nc6 3. Bb5 g6 4. 0-0 Bg7 5. c3 Nf6 6. Re1 0-0 7. d4 cxd4 8. cxd4 d5 9. e5 Ne4 10. Nc3 Nxc3 11. bxc3 Na5 12. Qa4 a6 13. Bf1 Bd7 14. Qb4 Re8 15. Ng5 e6 16. h4 Qc7 17. Bf4 Bf8 18. Qb2 Rec8 19. Re3 b5 20. Rf3 Be8 21. h5 Qe7 22. hxg6 fxg6 23. Nh3 Qa3 24. Qd2 Ra7 25. Bh6 Rf7 26. Bxf8 Qxf8 27. Rxf7 Qxf7 28. Re1 Bd7 29. Re3 Rf8 30. Ng5 Qf4 31. Nh3 Qh6 32. Bd3 Bc6 33. Qe2 Nc4 34. Rg3 Qh4 35. Ng5 Bd7 36. Nxh7 Qxh7 37. Rxg6+ Kh8 38. Rg5 1-0

[Event "BUL-ch"]
[Site "Shumen"]
[Date "1997.??.??"]
[Round "8"]
[White "Sotirov, Nikolaj"]
[Black "Rusev, Rosen"]
[Result "1/2-1/2"]
[WhiteElo "2175"]
[BlackElo "2175"]
[PlyCount "62"]
[EventDate "1997.??.??"]
[EventType "swiss"]
[EventRounds "8"]
[EventCountry "BUL"]
[SourceTitle "EXT 1998"]
[Source "ChessBase"]
[SourceDate "1997.11.17"]
[SourceVersion "1"]
[SourceVersionDate "1997.11.17"]
[SourceQuality "1"]

1. e4 c5 2. c3 Nf6 3. e5 Nd5 4. d4 cxd4 5. cxd4 Nc6 6. Nf3 d6 7. Bc4 Nb6 8. Bb5 dxe5 9. Nxe5 Bd7 10. Nc3 Nxe5 11. dxe5 Bxb5 12. Nxb5 Qxd1+ 13. Kxd1 0-0-0+ 14. Ke2 Rd5 15. a4 e6 16. Be3 Rxe5 17. f4 Re4 18. Kf3 Rb4 19. Nxa7+ Kd7 20. Bxb6 Rxb6 21. Rhd1+ Bd6 22. Nb5 Ke7 23. Rd3 Rc8 24. Rad1 Bb4 25. Rd4 Bc5 26. Rd7+ Kf6 27. Rc1 Rbc6 28. Rc3 Bg1 29. Rb3 Rc5 30. Rbd3 Rc2 31. Rb3 R2c5 1/2-1/2

[Event "Baharov Memorial op"]
[Site "Sofia"]
[Date "1995.??.??"]
[Round "7"]
[White "Sotirov, Nikolaj"]
[Black "Bochev, Krasimir"]
[Result "1-0"]
[WhiteElo "2170"]
[BlackElo "2210"]
[PlyCount "51"]
[EventDate "1995.12.??"]
[EventType "swiss"]
[EventRounds "9"]
[EventCountry "BUL"]
[SourceTitle "EXT 2002"]
[Source "ChessBase"]
[SourceDate "2001.11.25"]
[SourceVersion "1"]
[SourceVersionDate "2001.11.25"]
[SourceQuality "1"]

1. e4 c6 2. d4 d5 3. f3 g6 4. Nc3 Bg7 5. Be3 b6 6. Qd2 Be6 7. Nge2 h5 8. Nf4 Qd7 9. 0-0-0 Nf6 10. e5 Ng8 11. Nxe6 Qxe6 12. Ne2 Qc8 13. Nf4 e6 14. g4 hxg4 15. fxg4 Nd7 16. h4 Bh6 17. h5 Bxf4 18. Bxf4 Kd8 19. Bd3 gxh5 20. Rxh5 Rxh5 21. gxh5 Kc7 22. Bg5 Qf8 23. Bf1 Qg7 24. h6 Qf8 25. Qf4 Qb4 26. a3 1-0

[Event "BUL-ch sf"]
[Site "Shumen"]
[Date "1995.??.??"]
[Round "2"]
[White "Sotirov, Nikolaj"]
[Black "Peev, Peicho Chonev"]
[Result "0-1"]
[WhiteElo "2170"]
[BlackElo "2375"]
[PlyCount "97"]
[EventDate "1995.??.??"]
[EventType "swiss"]
[EventRounds "9"]
[EventCountry "BUL"]
[SourceTitle "EXT 2002"]
[Source "ChessBase"]
[SourceDate "2001.11.25"]
[SourceVersion "1"]
[SourceVersionDate "2001.11.25"]
[SourceQuality "1"]

1. e4 c5 2. c3 b6 3. d4 Bb7 4. Bd3 d6 5. Nf3 g6 6. 0-0 Bg7 7. e5 dxe5 8. dxe5 e6 9. Bg5 Ne7 10. Qa4+ Nbc6 11. Rd1 Qc7 12. Be4 a6 13. Bxe7 Kxe7 14. Bxc6 Bxc6 15. Qh4+ Kf8 16. Nbd2 h6 17. Qf4 f5 18. Nc4 g5 19. Qe3 Bd5 20. Nd6 Rd8 21. c4 Bxf3 22. gxf3 Ke7 23. Rd3 Rd7 24. Rad1 Rhd8 25. h4 gxh4 26. Qf4 Kf8 27. Kh1 Kg8 28. Rg1 Kh7 29. Rg2 Qc6 30. Rd1 h3 31. Rg3 h2 32. Kxh2 Qa4 33. Rdg1 Qc2 34. R1g2 Qxb2 35. Rg6 Qd4 36. Qxd4 cxd4 37. Rxe6 d3 38. Rg1 f4 39. Rd1 Bxe5 40. Rxe5 Rxd6 41. c5 bxc5 42. Rxc5 Rd5 43. Rxd5 Rxd5 44. Rd2 Kg6 45. Kg1 Kf5 46. Kf1 Ke5 47. Ke1 Kd4 48. Kd1 Rh5 49. Rb2 0-1

[Event "BUL-ch sf"]
[Site "Shumen"]
[Date "1995.??.??"]
[Round "6"]
[White "Sotirov, Nikolaj"]
[Black "Serafimov, Tervel"]
[Result "1/2-1/2"]
[WhiteElo "2170"]
[BlackElo "2155"]
[PlyCount "68"]
[EventDate "1995.??.??"]
[EventType "swiss"]
[EventRounds "9"]
[EventCountry "BUL"]
[SourceTitle "EXT 2002"]
[Source "ChessBase"]
[SourceDate "2001.11.25"]
[SourceVersion "1"]
[SourceVersionDate "2001.11.25"]
[SourceQuality "1"]

1. e4 c6 2. d4 d5 3. f3 e6 4. Nc3 Nf6 5. Bg5 Be7 6. e5 Nfd7 7. Bxe7 Qxe7 8. f4 a6 9. Nf3 c5 10. dxc5 Nc6 11. a3 Qxc5 12. Qd2 b5 13. Qf2 Qxf2+ 14. Kxf2 f6 15. exf6 gxf6 16. f5 Nde5 17. Rd1 Nxf3 18. gxf3 b4 19. axb4 Nxb4 20. fxe6 Bxe6 21. Ne2 Nxc2 22. Nf4 Kf7 23. Nxd5 Rhd8 24. Bd3 Rxd5 25. Bxc2 Rb5 26. b3 Rc8 27. Rd2 Bxb3 28. Bxb3+ Rxb3 29. Ra1 Rc6 30. Rd7+ Kg6 31. Rg1+ Kh6 32. Rg4 Rc2+ 33. Kg3 Rbb2 34. Rh4+ Kg5 1/2-1/2